Statistiken für Alle Minderheiten Österreichs

Klicken Sie hier um das Quiz zu spielen!

Allgemein

  • Dieses Quiz wurde 91 mal gespielt
  • Das Durchschnittsergebnis liegt bei 15 aus 20

Antwortstatistiken

BevölkerungLand% Korrekt
208,767Deutschland
97%
34,261Italien
91%
91,396Ungarn
88%
117,551Türkei
87%
89,002Kroatien
86%
122,116Serbien
84%
14,639Tschechien
84%
22,279Slowenien
83%
97,015Bosnien und Herzegowina
82%
131,788Rumänien
82%
33,342Russland
82%
45,378Slowakei
80%
65,597Polen
79%
55,256Syrien
74%
34,249Bulgarien
70%
26,325Kosovo
54%
43,971Afghanistan
50%
24,580Nordmazedonien
45%
13,496China
43%
14,922Iran
42%

Verteilung der Resultate

Perzentil nach korrekt beantworteten Fragen

Anzahl Personen mit jedem Resultat

Ihre Resultats-Entwicklung

Sie haben dieses Quiz noch nicht gespielt